000 00844cab a2200229 4500
001 WB3042-12
008 090401t1994 xxu||||| |||| 00| 0 eng d
035 _a(Sirsi) u76568
041 _aeng
245 _aMegacentres prove top performers
260 _c1994
350 _a0
490 _aProperty Week
_v49(6) 10 November 1994, 10(1)
520 _aRegional centres provide retailers with the highest turnover and profit according to provisional figures from DTZ Debenham Thorpe and Property Managers Association. Includes a table of the most profitable locations by retailer`s performance.
650 _aOUT-OF-TOWN SHOPPING
650 _aREGIONAL SHOPPING CENTRES
650 _aRETAILERS PERFORMANCE
650 _aSHOPPING CENTRES
690 _aPROPERTY-COMMERCIAL PROPERTY-RETAIL PROPERTY
942 _n0
948 _c04/03/1997
999 _c48130
_d48130